Bordering Countries by highest average GDP - Statistics

General Stats
  • This quiz has been taken 133 times
  • The average score is 17 of 18
Answer Stats
Country % Correct
France
100%
Germany
99%
Switzerland
99%
Italy
98%
Austria
97%
Belgium
97%
Canada
97%
Mexico
97%
Netherlands
97%
Poland
97%
United States
97%
Russia
95%
Spain
95%
China
93%
India
92%
Argentina
89%
Brazil
89%
Venezuela
77%
No matching quizzes found
Score Distribution
Percent of People with Each Score
Percentile by Number Answered
Your Score History
You have not taken this quiz